Statistics for 50 Random Music Artists

Click here to take the quiz!

General Stats

  • This quiz has been taken 753 times
  • The average score is 5 of 50

Answer Stats

HintAnswer% Correct
Song: American IdiotGreen Day
92%
Song: Sweet Child O MineGuns N Roses
78%
Album: Master of PuppetsMetallica
64%
Album:The Black ParadeMy Chemical Romance
46%
Song: Man in the BoxAlice in Chains
30%
Album: Demon DaysGorillaz
24%
Song: Selft EsteemThe Offspring
23%
Song: AqualungJethro Tull
22%
Album: Peace SellsMegadeth
20%
Song: Twisted TransistorKorn
18%
Album: City of EvilAvenged Sevenfold
15%
Alum: Brave New WorldIron Maiden
15%
Song: Pardon MeIncubus
12%
Song: Downfall of us allA Day To Remember
11%
Song: All my friends are metalheadsLess Than Jake
6%
Album: PainkillerJudas Priest
5%
Album: LeviathanMastodon
5%
Song: Vampire HeartH.I.M
4%
Song:Shut Me UpMindless Self Indulgence
4%
Song: Toxic WaltzExodus
3%
Song: AbigailMotionless in White
3%
Song: Get CleanAnarchy Club
2%
Song: Bed of RazorsChildren of Bodom
2%
Album: Darkly Darkly Venus AversaCradle of Filth
2%
Song: Worth Dying ForRise Against
2%
Song: More Than Meets The EyeTestament
2%
Album: IlluminaudioChiodos
1%
Song: His WorldCrush 40
1%
Song: Graveyard DancingD.R.U.G.S
1%
Song: This song is about being attacked by monstersleathermOUth
1%
Song: Nom nom nom nom nom nom nomParry Gripp
1%
Song: New Version Of YouReel big fish
1%
Album: The Flame in All of usThousand Foot Krutch
1%
Song: This Is ExileWhitechapel
1%
Album: The Black FlameWolf
1%
Song: JuggernautsZebrahead
1%
Album: Kawaii:(
0%
Album: Riding a Black UnicornAurelio Voltaire
0%
Album: UtopiaAxxis
0%
Album: The Unearthly OnesCreature Feature
0%
Album: Possesed by FireExumer
0%
Song: Blue Bomber BreakdownI Shot the Duck Hunt Dog
0%
Song: Hills Like White ElephantsIsles and Glaciers
0%
Album: Regiment RagnarokPanzerchrist
0%
Song: Piggly WigglyRetard O Bot
0%
Song: Rise Lazarus RiseRufus Rex
0%
Album: Fantastic WoundsSchoolyard Heroes
0%
Song: WE LIK BRBShirobon
0%
Song: Swinging for the FencesThe Rookie Mistake
0%
Song: Dream CatcherUnicorn Kid
0%

Score Distribution

Percentile by Number Answered

Percent of People with Each Score

Your Score History

You have not taken this quiz